Identità di genere : i bambini e le differenze sessuali /
Saved in:
| Main Authors: | , |
|---|---|
| Format: | Bog |
| Sprog: | italiensk |
| Udgivet: |
Torino :
CELID,
\2003!
|
| Serier: | Psicologia
|
| Fag: | |
| Tags: |
Ingen Tags, Vær først til at tagge denne postø!
|
MARC
| LEADER | 00000nam a2200000 i 4500 | ||
|---|---|---|---|
| 001 | IT\ICCU\UBO\2257272 | ||
| 003 | ItRI | ||
| 005 | 20260115231925.0 | ||
| 008 | 030726s2003 it |||||| ||||| |||||c | ||
| 015 | |2 IT |a 2003-10724 | ||
| 020 | |a 8876615288 | ||
| 040 | |b ita |c importazione bologna sebina | ||
| 041 | 7 | |a ita |2 ISO-639-2 | |
| 100 | 1 | |a Vigna, Daniela |0 IT\ICCU\BVEV\015233 |4 aut | |
| 245 | 1 | 0 | |a Identità di genere : |b i bambini e le differenze sessuali / |c Daniela Vigna, Manuela Nissotti. |
| 260 | |a Torino : |b CELID, |c \2003! | ||
| 300 | |a 91 p. : |b ill. ; |c 23 cm. | ||
| 650 | 7 | |a Sesso |x Psicologia infantile | |
| 700 | 1 | |a Nissotti, Manuela |0 IT\ICCU\UBOV\816511 |4 aut | |
| 830 | 0 | |a Psicologia |0 IT\ICCU\BVE\0129228 | |
| 942 | |2 ddc |c BK |n 0 | ||
| 952 | |0 0 |1 0 |4 0 |6 DOC_155_400000000000000_VIG |7 0 |9 16663 |a BO |b BO |d 2026-01-15 |i 10848 |l 0 |o DOC 155.4 VIG |p BO10848 |r 2026-01-15 23:19:25 |w 2026-01-15 |x [Sebina 5] [1 v.] |y BK |z 1 v. | ||
| 999 | |c 14257 |d 14257 | ||